[Event "Kaspersky op U16"]
[Site "Tornelo INT"]
[Date "2021.04.02"]
[Round "3"]
[White "Baitleu, Syrym"]
[Black "Preobrazhenskaya, Diana"]
[Result "1-0"]
[WhiteElo "1357"]
[BlackElo "1589"]
[PlyCount "97"]
[EventDate "2021.04.02"]
[EventType "swiss (blitz)"]
[EventRounds "11"]
[EventCountry "RUS"]
[SourceTitle "CBM 201 Extra"]
[Source "ChessBase"]
[SourceDate "2021.05.31"]
[SourceVersion "1"]
[SourceVersionDate "2021.05.31"]
[SourceQuality "1"]

1. e4 e5 2. Nf3 Nc6 3. Bc4 Nf6 4. d3 Bc5 5. c3 d6 6. 0-0 0-0 7. b4 Bb6 8. a4 a6 9. a5 Ba7 10. Nbd2 Be6 11. Bb3 Bxb3 12. Nxb3 d5 13. Bg5 dxe4 14. Bxf6 Qxf6 15. dxe4 Rad8 16. Qe2 Qg6 17. Rad1 Qe6 18. Nbd2 Ne7 19. Qc4 Qd6 20. g3 Ng6 21. Qe2 Qf6 22. Kg2 h5 23. h4 Qe7 24. Nc4 Rxd1 25. Rxd1 f5 26. Ng5 f4 27. Qxh5 Rf6 28. Qh7+ Kf8 29. Qh5 fxg3 30. fxg3 Rf2+ 31. Kh1 Rf6 32. Qe2 Kg8 33. Rf1 Qf8 34. Rxf6 Qxf6 35. Ne3 Qd6 36. Nf5 Qf6 37. Qc4+ Kh8 38. Nf7+ Kh7 39. Ng5+ Kh8 40. Qxc7 Qf8 41. Nf7+ Kg8 42. Ng5 Kh8 43. Qc4 Bb8 44. Qe2 Qf6 45. Qh5+ Kg8 46. Qh7+ Kf8 47. Qh5 Bc7 48. Nh7+ Kf7 49. Nxf6 1-0

[Event "Kaspersky op U16"]
[Site "Tornelo INT"]
[Date "2021.04.02"]
[Round "4"]
[White "Baitleu, Syrym"]
[Black "Rudnev, Andrei"]
[Result "0-1"]
[WhiteElo "1357"]
[BlackElo "1606"]
[PlyCount "100"]
[EventDate "2021.04.02"]
[EventType "swiss (blitz)"]
[EventRounds "11"]
[EventCountry "RUS"]
[SourceTitle "CBM 201 Extra"]
[Source "ChessBase"]
[SourceDate "2021.05.31"]
[SourceVersion "1"]
[SourceVersionDate "2021.05.31"]
[SourceQuality "1"]

1. e4 d6 2. d4 Nf6 3. Nc3 e5 4. Nf3 Nbd7 5. Bc4 Be7 6. 0-0 0-0 7. h3 c6 8. Be3 b5 9. Bd3 a5 10. Ne2 Qc7 11. Ng3 Re8 12. c3 Nf8 13. Re1 Ng6 14. a4 Bd7 15. b3 h6 16. axb5 cxb5 17. c4 bxc4 18. bxc4 Nf4 19. Bxf4 exf4 20. Ne2 g5 21. e5 dxe5 22. dxe5 Nh7 23. Nc3 Be6 24. Nd5 Qa7 25. Bxh7+ Kxh7 26. Qd3+ Kg7 27. Nd4 Rad8 28. Nf5+ Bxf5 29. Qxf5 Qa6 30. e6 f6 31. Nc7 Qxc4 32. Nxe8+ Rxe8 33. Qxa5 Bb4 34. Rec1 Qxc1+ 35. Rxc1 Bxa5 36. Rc6 Re7 37. Ra6 Bc3 38. Kf1 f5 39. Ke2 Kf6 40. Kd3 Be5 41. Kc4 Rxe6 42. Ra8 Rc6+ 43. Kd3 Rc3+ 44. Ke2 g4 45. Ra6+ Kg5 46. h4+ Kxh4 47. Rxh6+ Kg5 48. Ra6 f3+ 49. gxf3 Rxf3 50. Ra5 Bd4 0-1

[Event "Kaspersky op U16"]
[Site "Tornelo INT"]
[Date "2021.04.02"]
[Round "7"]
[White "Orozbaev, Eldiar"]
[Black "Baitleu, Syrym"]
[Result "1-0"]
[WhiteElo "2061"]
[BlackElo "1357"]
[PlyCount "95"]
[EventDate "2021.04.02"]
[EventType "swiss (blitz)"]
[EventRounds "11"]
[EventCountry "RUS"]
[SourceTitle "CBM 201 Extra"]
[Source "ChessBase"]
[SourceDate "2021.05.31"]
[SourceVersion "1"]
[SourceVersionDate "2021.05.31"]
[SourceQuality "1"]

1. e4 Nf6 2. e5 Nd5 3. Nf3 d6 4. Nc3 dxe5 5. Nxe5 Nxc3 6. bxc3 Nd7 7. Nf3 e5 8. Bc4 e4 9. Qe2 Qe7 10. Nd4 Nb6 11. Bb3 c5 12. Nb5 a6 13. Na3 h5 14. Bb2 Bg4 15. Qe3 0-0-0 16. h3 Bd7 17. 0-0-0 Bc6 18. Rhe1 Qc7 19. Kb1 Bd6 20. g3 h4 21. g4 Kb8 22. c4 a5 23. Bxg7 Rhg8 24. Bf6 Rde8 25. c3 Re6 26. Bxh4 Rh8 27. Bg3 Rxh3 28. Bxd6 Rxe3 29. Bxc7+ Kxc7 30. Rxe3 a4 31. Bc2 Nd7 32. Nb5+ Bxb5 33. cxb5 Nf6 34. g5 Ng4 35. Rxe4 Rxe4 36. Bxe4 Nxf2 37. Re1 Kb6 38. Bf3 Nh3 39. Re7 Nxg5 40. Rxb7+ Ka5 41. Bd5 f5 42. c4 Kb4 43. Kb2 a3+ 44. Kc2 Nh3 45. Rf7 Nf2 46. b6 Ne4 47. Bxe4 fxe4 48. b7 1-0